[Event "CZE-chT1E 1516"]
[Site "Czech Republic"]
[Date "2016.01.31"]
[Round "7.4"]
[White "Olsarova, Tereza"]
[Black "Pekar, Vaclav"]
[Result "0-1"]
[WhiteElo "2292"]
[BlackElo "2195"]
[PlyCount "108"]
[EventDate "2015.10.11"]
[EventType "team-tourn"]
[EventRounds "11"]
[EventCountry "CZE"]
[SourceTitle "CBM 170 Extra"]
[Source "ChessBase"]
[SourceDate "2016.02.25"]
[SourceVersion "1"]
[SourceVersionDate "2016.02.25"]
[SourceQuality "1"]
[WhiteTeam "Orlova Slavia"]
[BlackTeam "Policka"]
[WhiteTeamCountry "CZE"]
[BlackTeamCountry "CZE"]

1. e4 d5 2. exd5 Nf6 3. d4 Bg4 4. Nf3 Qxd5 5. Be2 Nc6 6. 0-0 0-0-0 7. c4 Qh5 8. Nc3 Nxd4 9. Nxd4 Bxe2 10. Ncxe2 e5 11. Qa4 exd4 12. Nf4 Qc5 13. Nd3 Qf5 14. Rd1 Kb8 15. Bf4 Bd6 16. Bxd6 Rxd6 17. c5 Rd5 18. c6 Rhd8 19. Rac1 Ne4 20. cxb7 c5 21. b4 Nc3 22. Qb3 Nxd1 23. Qxd1 cxb4 24. Nxb4 Kxb7 25. Qa4 Rc5 26. Re1 Qd7 27. Nd3 Rc7 28. Qa5 Ka8 29. Ne5 Qc8 30. Qd2 f6 31. Nd3 Qf5 32. h3 Rdc8 33. Nb4 Rd8 34. Rd1 g5 35. Qe2 Rcc8 36. a4 Re8 37. Qa6 Qc5 38. Nd3 Qc6 39. Qa5 Qd6 40. Qf5 h5 41. Qf3+ Qc6 42. Qxh5 Qxa4 43. Rb1 Qc6 44. Nb4 Qe4 45. Ra1 Rc7 46. Nd5 Rh7 47. f3 Qe1+ 48. Rxe1 Rxe1+ 49. Kf2 Rxh5 50. Kxe1 f5 51. Kd2 Kb8 52. Kd3 Rh6 53. Kxd4 Re6 54. Nc3 Rc6 0-1

[Event "BL 1516 (Women)"]
[Site "Germany"]
[Date "2015.12.06"]
[Round "4.5"]
[White "Schlueter, Sabrina"]
[Black "Olsarova, Tereza"]
[Result "0-1"]
[WhiteElo "1780"]
[BlackElo "2298"]
[PlyCount "56"]
[EventDate "2015.09.26"]
[EventType "team-tourn"]
[EventRounds "11"]
[EventCountry "GER"]
[SourceTitle "CBM 170 Extra"]
[Source "ChessBase"]
[SourceDate "2016.02.25"]
[SourceVersion "1"]
[SourceVersionDate "2016.02.25"]
[SourceQuality "1"]
[WhiteTeam "Kiel Doppelbauer (W)"]
[BlackTeam "Grosslehna (W)"]
[WhiteTeamCountry "GER"]
[BlackTeamCountry "GER"]

1. c4 e5 2. Nc3 Nf6 3. g3 d5 4. cxd5 Nxd5 5. Bg2 Nb6 6. Nf3 Nc6 7. 0-0 Be7 8. d3 0-0 9. a3 Be6 10. b4 a5 11. b5 Nd4 12. Rb1 f6 13. Nxd4 exd4 14. Ne4 Ba2 15. Ra1 Bd5 16. Qc2 f5 17. Nd2 Bxg2 18. Kxg2 Bf6 19. a4 Re8 20. Re1 Kh8 21. Nb3 Nd5 22. Bd2 b6 23. Qc4 Ne7 24. Rac1 Rc8 25. h3 Ng6 26. Qc6 Ne5 27. Qb7 Rb8 28. Qxc7 Qd5+ 0-1

[Event "BL 1516 (Women)"]
[Site "Germany"]
[Date "2015.12.05"]
[Round "3.5"]
[White "Olsarova, Tereza"]
[Black "Schmidt, Jade"]
[Result "1-0"]
[WhiteElo "2298"]
[BlackElo "2054"]
[PlyCount "69"]
[EventDate "2015.09.26"]
[EventType "team-tourn"]
[EventRounds "11"]
[EventCountry "GER"]
[SourceTitle "CBM 170 Extra"]
[Source "ChessBase"]
[SourceDate "2016.02.25"]
[SourceVersion "1"]
[SourceVersionDate "2016.02.25"]
[SourceQuality "1"]
[WhiteTeam "Grosslehna (W)"]
[BlackTeam "Hamburger SK (W)"]
[WhiteTeamCountry "GER"]
[BlackTeamCountry "GER"]

1. e4 c5 2. Nf3 d6 3. d4 cxd4 4. Nxd4 Nf6 5. Nc3 Nc6 6. Be2 e5 7. Nb3 Be7 8. 0-0 0-0 9. Be3 a5 10. f4 a4 11. Nd2 exf4 12. Bxf4 Qb6+ 13. Kh1 Be6 14. Nb5 Ne5 15. c4 Rfc8 16. Rc1 Bd7 17. Nc3 Qd4 18. Qe1 Ng6 19. Bg3 Qb6 20. Rc2 Bc6 21. Bf2 Qa5 22. Bd4 Ne5 23. Qg3 Kh8 24. Rf5 Qc7 25. c5 Ng6 26. cxd6 Bxd6 27. e5 Qd7 28. Rxf6 gxf6 29. exd6 Re8 30. Nc4 Qe6 31. Rc1 b5 32. Rf1 Ne5 33. Rxf6 Qxf6 34. Nxe5 Bb7 35. Nxf7# 1-0

[Event "EU-chT (Women) 20th"]
[Site "Reykjavik"]
[Date "2015.11.21"]
[Round "8.3"]
[White "Stolberg Rohr, Thomine"]
[Black "Olsarova, Tereza"]
[Result "1-0"]
[WhiteElo "1985"]
[BlackElo "2307"]
[PlyCount "77"]
[EventDate "2015.11.13"]
[EventType "team-swiss"]
[EventRounds "9"]
[EventCountry "ISL"]
[SourceTitle "CBM 169 Extra"]
[Source "ChessBase"]
[SourceDate "2015.12.18"]
[SourceVersion "1"]
[SourceVersionDate "2015.12.18"]
[SourceQuality "1"]
[WhiteTeam "Denmark (W)"]
[BlackTeam "Czech Republic (W)"]
[WhiteTeamCountry "DEN"]
[BlackTeamCountry "CZE"]

1. e4 e5 2. Nf3 Nc6 3. Bb5 g6 4. d4 exd4 5. Nxd4 Bg7 6. c3 Nxd4 7. cxd4 c5 8. 0-0 Bxd4 9. Nd2 Qb6 10. Bc4 Ne7 11. Nf3 Bg7 12. Bg5 Bf6 13. e5 Bxg5 14. Nxg5 0-0 15. Qf3 d5 16. exd6 Nf5 17. Nxf7 Kg7 18. Rae1 Qxb2 19. Qd5 Qd4 20. Ng5 Qxd5 21. Bxd5 Nxd6 22. Re7+ Kf6 23. Nxh7+ Kxe7 24. Re1+ Kd8 25. Nxf8 Bf5 26. Ne6+ Bxe6 27. Rxe6 Kc7 28. Rxg6 Re8 29. h4 c4 30. h5 Re5 31. Rg7+ Kb6 32. Bxc4 Nxc4 33. h6 Rh5 34. h7 Kc6 35. g4 Rh4 36. g5 Ne5 37. f4 Nd7 38. Rxd7 Kxd7 39. g6 1-0

[Event "BL 1415 (Women)"]
[Site "Germany"]
[Date "2015.04.19"]
[Round "11.3"]
[White "Olsarova, Tereza"]
[Black "Kachiani Gersinska, Ketino"]
[Result "1-0"]
[WhiteElo "2251"]
[BlackElo "2361"]
[PlyCount "71"]
[EventDate "2014.09.27"]
[EventType "team-tourn"]
[EventRounds "11"]
[EventCountry "GER"]
[SourceTitle "CBM 166 Extra"]
[Source "ChessBase"]
[SourceDate "2015.06.18"]
[SourceVersion "1"]
[SourceVersionDate "2015.06.18"]
[SourceQuality "1"]
[WhiteTeam "Grosslehna (W)"]
[BlackTeam "Baden-Baden (W)"]
[WhiteTeamCountry "GER"]
[BlackTeamCountry "GER"]

1. e4 c5 2. Nf3 d6 3. d4 cxd4 4. Nxd4 Nf6 5. Nc3 a6 6. Bc4 e6 7. Bb3 Qc7 8. g4 h6 9. Rg1 Nc6 10. Be3 Na5 11. Qe2 b5 12. f3 Be7 13. h4 b4 14. Na4 Nxb3 15. cxb3 Bd7 16. g5 Nh5 17. Nc2 Bxa4 18. bxa4 Qa5 19. b3 d5 20. 0-0-0 dxe4 21. fxe4 hxg5 22. hxg5 g6 23. Kb1 Bc5 24. Qc4 Rc8 25. Bxc5 Rxc5 26. Qxb4 Qc7 27. Ne3 0-0 28. Ng4 Kg7 29. Qd2 Rc8 30. Rgf1 Rxg5 31. Rc1 Rc5 32. Qb2+ Kf8 33. Rxc5 Qxc5 34. Ne5 Qe3 35. Nxg6+ Ke8 36. Qh8+ 1-0

[Event "CZE-chT1E 1415"]
[Site "Czech Republic"]
[Date "2015.03.22"]
[Round "10.4"]
[White "Olsarova, Tereza"]
[Black "Worek, Joanna"]
[Result "1-0"]
[WhiteElo "2297"]
[BlackElo "2275"]
[PlyCount "49"]
[EventDate "2014.10.19"]
[EventType "team-tourn"]
[EventRounds "11"]
[EventCountry "CZE"]
[SourceTitle "EXT 2016"]
[Source "ChessBase"]
[SourceDate "2015.10.08"]
[SourceVersion "1"]
[SourceVersionDate "2015.10.08"]
[SourceQuality "1"]
[WhiteTeam "Orlova Slavia"]
[BlackTeam "Stare Mesto"]
[WhiteTeamCountry "CZE"]
[BlackTeamCountry "CZE"]

1. e4 c5 2. Nf3 e6 3. d4 cxd4 4. Nxd4 Nf6 5. Nc3 d6 6. Be2 Be7 7. 0-0 a6 8. f4 Qc7 9. Kh1 b5 10. e5 dxe5 11. fxe5 Nfd7 12. Bf3 Bb7 13. Bxb7 Qxb7 14. Qg4 Nc6 15. Nf3 Kf8 16. Bg5 h6 17. Bxe7+ Nxe7 18. Nd4 Kg8 19. Rxf7 Kxf7 20. Qxe6+ Kf8 21. Rf1+ Nf6 22. exf6 Ng6 23. fxg7+ Kxg7 24. Nf5+ Kh7 25. Ne7 1-0

[Event "CZE-chT1E 1415"]
[Site "Czech Republic"]
[Date "2015.03.01"]
[Round "9.5"]
[White "Olsarova, Tereza"]
[Black "David, Pavel"]
[Result "0-1"]
[WhiteElo "2297"]
[BlackElo "2358"]
[PlyCount "80"]
[EventDate "2014.10.19"]
[EventType "team-tourn"]
[EventRounds "11"]
[EventCountry "CZE"]
[SourceTitle "EXT 2016"]
[Source "ChessBase"]
[SourceDate "2015.10.08"]
[SourceVersion "1"]
[SourceVersionDate "2015.10.08"]
[SourceQuality "1"]
[WhiteTeam "Orlova Slavia"]
[BlackTeam "Brno Duras"]
[WhiteTeamCountry "CZE"]
[BlackTeamCountry "CZE"]

1. e4 c5 2. Nf3 d6 3. d4 cxd4 4. Nxd4 Nf6 5. Nc3 a6 6. h3 e6 7. g4 h6 8. Bg2 Be7 9. Be3 Qc7 10. 0-0 Nc6 11. Qe2 Nxd4 12. Bxd4 e5 13. Be3 Be6 14. Qd2 Rc8 15. a4 0-0 16. g5 hxg5 17. Bxg5 Nh5 18. Be3 Bf6 19. Rfd1 Rfd8 20. a5 Qe7 21. Ra3 Bh4 22. Nd5 Bxd5 23. exd5 f5 24. Rb3 Rf8 25. Bf3 Nf6 26. Bg5 Bxg5 27. Qxg5 Qd7 28. Rd2 Rc4 29. Qe3 Nh7 30. Bg2 Rfc8 31. Qb6 R8c7 32. Bf1 R4c5 33. Bg2 Nf8 34. Bf1 Qe7 35. Rd1 Rxc2 36. Rf3 Ng6 37. Rxf5 Nh4 38. Rh5 Nf3+ 39. Kg2 Qf7 40. Rh7 Nd4 0-1

[Event "Gibraltar Masters 13th"]
[Site "Caleta"]
[Date "2015.01.30"]
[Round "4"]
[White "Svane, Rasmus"]
[Black "Olsarova, Tereza"]
[Result "1-0"]
[WhiteElo "2496"]
[BlackElo "2288"]
[PlyCount "57"]
[EventDate "2015.01.27"]
[EventType "swiss"]
[EventRounds "10"]
[EventCountry "GGB"]
[SourceTitle "CBM 165"]
[Source "ChessBase"]
[SourceDate "2015.03.11"]
[SourceVersion "1"]
[SourceVersionDate "2015.03.11"]
[SourceQuality "1"]

1. d4 d5 2. c4 c6 3. Nf3 Nf6 4. Nc3 e6 5. Bg5 dxc4 6. e4 b5 7. e5 h6 8. Bh4 g5 9. Nxg5 hxg5 10. Bxg5 Nbd7 11. g3 Qb6 12. exf6 Bb7 13. Bg2 0-0-0 14. 0-0 c5 15. d5 b4 16. Na4 Qb5 17. a3 exd5 18. axb4 cxb4 19. Bf4 Nc5 20. Nxc5 Bxc5 21. Re1 Rde8 22. Re5 Bxf2+ 23. Kxf2 Qb6+ 24. Kf1 Rxh2 25. Qe2 Bc6 26. Re7 d4 27. Raxa7 d3 28. Rac7+ Kd8 29. Red7+ 1-0

[Event "Gibraltar Masters 13th"]
[Site "Caleta"]
[Date "2015.01.27"]
[Round "1"]
[White "Olsarova, Tereza"]
[Black "Vitiugov, Nikita"]
[Result "0-1"]
[WhiteElo "2288"]
[BlackElo "2735"]
[PlyCount "64"]
[EventDate "2015.01.27"]
[EventType "swiss"]
[EventRounds "10"]
[EventCountry "GGB"]
[SourceTitle "CBM 165"]
[Source "ChessBase"]
[SourceDate "2015.03.11"]
[SourceVersion "1"]
[SourceVersionDate "2015.03.11"]
[SourceQuality "1"]

1. e4 c5 2. Nf3 e6 3. d4 cxd4 4. Nxd4 a6 5. Nc3 b5 6. Bd3 Qb6 7. Nb3 Qc7 8. 0-0 Nf6 9. Qe2 Nc6 10. Kh1 Be7 11. Bd2 Bb7 12. Rae1 b4 13. Nd1 a5 14. e5 Nd5 15. c4 bxc3 16. Nxc3 Ncb4 17. Rc1 Qb8 18. Bb5 0-0 19. a3 Nxc3 20. Rxc3 Nc6 21. Bf4 a4 22. Bd3 g6 23. Nc5 Rd8 24. Nxb7 Qxb7 25. Be4 Rab8 26. Rb1 Qb6 27. Rh3 Nd4 28. Qg4 Nf5 29. Bxf5 exf5 30. Qg3 Qe6 31. Bd2 Qa2 32. Re1 Rxb2 0-1

[Event "Hastings Masters op 90th"]
[Site "Hastings"]
[Date "2015.01.04"]
[Round "7"]
[White "Lagarde, Maxime"]
[Black "Olsarova, Tereza"]
[Result "1-0"]
[WhiteElo "2576"]
[BlackElo "2302"]
[PlyCount "99"]
[EventDate "2014.12.29"]
[EventType "swiss"]
[EventRounds "9"]
[EventCountry "ENG"]
[SourceTitle "CBM 164 Extra"]
[Source "ChessBase"]
[SourceDate "2015.03.02"]
[SourceVersion "1"]
[SourceVersionDate "2015.03.02"]
[SourceQuality "1"]

1. c4 e5 2. Nc3 Nf6 3. g3 d5 4. cxd5 Nxd5 5. Bg2 Nb6 6. Nf3 Nc6 7. 0-0 Be7 8. d3 0-0 9. Be3 f5 10. b4 Bf6 11. Bc5 Re8 12. e4 g6 13. Re1 Kh8 14. Rc1 Nd7 15. Nd5 fxe4 16. dxe4 Nxc5 17. Rxc5 Qd6 18. Nxf6 Qxf6 19. b5 Nd8 20. Qa1 Nf7 21. Rxc7 Rf8 22. Rc5 Kg8 23. Nxe5 b6 24. Rxc8 Raxc8 25. Nc6 Qxa1 26. Rxa1 Rfe8 27. a4 Ne5 28. Bh3 Rc7 29. Rc1 Nxc6 30. Rxc6 Rce7 31. f3 Rd8 32. Be6+ Kg7 33. Bd5 Rf8 34. Kf2 Rd8 35. f4 Kf8 36. g4 Kg7 37. Kf3 Rf8 38. h4 Rf6 39. g5 Rf8 40. Be6 Rd8 41. f5 gxf5 42. exf5 Kf8 43. h5 Rd3+ 44. Ke4 Rg3 45. Kf4 Rg1 46. h6 Re1 47. Rc8+ Re8 48. Rxe8+ Kxe8 49. g6 hxg6 50. fxg6 1-0

[Event "BL 1415 (Women)"]
[Site "Germany"]
[Date "2014.11.30"]
[Round "4.3"]
[White "Olsarova, Tereza"]
[Black "Ambartsumova, Karina"]
[Result "1/2-1/2"]
[WhiteElo "2296"]
[BlackElo "2278"]
[PlyCount "78"]
[EventDate "2014.09.27"]
[EventType "team-tourn"]
[EventRounds "11"]
[EventCountry "GER"]
[SourceTitle "CBM 166 Extra"]
[Source "ChessBase"]
[SourceDate "2015.06.18"]
[SourceVersion "1"]
[SourceVersionDate "2015.06.18"]
[SourceQuality "1"]
[WhiteTeam "Grosslehna (W)"]
[BlackTeam "Schwaebisch Hall (W)"]
[WhiteTeamCountry "GER"]
[BlackTeamCountry "GER"]

1. e4 d6 2. d4 Nf6 3. Nc3 e5 4. Nf3 Nbd7 5. Bc4 Be7 6. 0-0 0-0 7. a4 c6 8. a5 Rb8 9. Qe2 b5 10. axb6 axb6 11. d5 cxd5 12. Nxd5 Nxd5 13. Bxd5 Nf6 14. Bc4 Bb7 15. Bd3 Ra8 16. Bd2 Qc7 17. c4 Rfc8 18. Bc3 Nd7 19. Nd2 Nc5 20. Bc2 Ne6 21. g3 Bg5 22. Bd3 Bxd2 23. Rxa8 Bxa8 24. Bxd2 Nd4 25. Qe3 Bb7 26. Bc3 Ne6 27. f3 Ba6 28. Rd1 f6 29. Be2 Bxc4 30. Bxc4 Qxc4 31. Qxb6 Qc5+ 32. Qxc5 dxc5 33. Rd7 Rc7 34. Rxc7 Nxc7 35. Kf2 Kf7 36. Ke3 Ke6 37. Kd3 Kd6 38. Kc4 Ne6 39. b4 cxb4 1/2-1/2

[Event "CZE-chT1E 1415"]
[Site "Czech Republic"]
[Date "2014.11.23"]
[Round "3.4"]
[White "Olsarova, Tereza"]
[Black "Mudra, Tomas"]
[Result "0-1"]
[WhiteElo "2297"]
[BlackElo "2185"]
[PlyCount "158"]
[EventDate "2014.10.19"]
[EventType "team-tourn"]
[EventRounds "11"]
[EventCountry "CZE"]
[SourceTitle "CBM 163 Extra"]
[Source "ChessBase"]
[SourceDate "2014.12.23"]
[SourceVersion "1"]
[SourceVersionDate "2014.12.23"]
[SourceQuality "1"]
[WhiteTeam "Orlova Slavia"]
[BlackTeam "Brno Duras II"]
[WhiteTeamCountry "CZE"]
[BlackTeamCountry "CZE"]

1. e4 c5 2. Nf3 d6 3. d4 cxd4 4. Nxd4 Nf6 5. Nc3 g6 6. Be3 Bg7 7. f3 0-0 8. Qd2 Nc6 9. g4 e6 10. Ndb5 d5 11. g5 Nxe4 12. fxe4 d4 13. Nxd4 Nxd4 14. 0-0-0 e5 15. h4 Bg4 16. Be2 Nxe2+ 17. Nxe2 Qc7 18. Rdf1 Rfd8 19. Qc3 Qd7 20. Qe1 Bxe2 21. Qxe2 Qa4 22. Kb1 Qxe4 23. h5 a5 24. Qf2 Rd7 25. Rh4 Qd5 26. Qh2 e4 27. hxg6 Qb5 28. c4 Qxc4 29. gxf7+ Kf8 30. Qf2 Rc8 31. a3 Rdc7 32. Rd1 Rxf7 33. Qd2 Rd7 34. Qf2+ Rf7 35. Qd2 Kg8 36. Rc1 Rf1 37. Rxf1 Qxf1+ 38. Ka2 Qc4+ 39. Kb1 b5 40. Rh1 Qd3+ 41. Qxd3 exd3 42. Rd1 Rc2 43. Bc1 a4 44. Rxd3 Rc5 45. Rd7 Rf5 46. Bd2 Bf8 47. Kc2 Bc5 48. Kd3 Rf3+ 49. Kc2 Rf5 50. Bc1 Bf2 51. Kd3 Bg3 52. Ke4 Re5+ 53. Kf3 Bh2 54. Be3 Re6 55. Rd5 Re5 56. Rd2 Bg3 57. Re2 Bh4 58. Rg2 Kf7 59. Bf4 Rd5 60. Ke4 Rc5 61. Be3 Rc4+ 62. Kd3 Kg6 63. Rh2 Rg4 64. Rc2 Bxg5 65. Rc6+ Kh5 66. Bd4 Rg3+ 67. Ke4 Kg4 68. Rc5 Rb3 69. Rc2 Bh4 70. Rg2+ Bg3 71. Rc2 h5 72. Rc5 h4 73. Bf6 b4 74. Rg5+ Kh3 75. axb4 Rxb4+ 76. Kd3 Kg2 77. Bc3 Rf4 78. Be1 Rf3+ 79. Kc4 h3 0-1

[Event "Braila Albulet Memorial (Women) 7th"]
[Site "Braila"]
[Date "2014.09.10"]
[Round "8"]
[White "Olsarova, Tereza"]
[Black "Cosma, Elena Luminita"]
[Result "1/2-1/2"]
[WhiteElo "2296"]
[BlackElo "2333"]
[PlyCount "32"]
[EventDate "2014.09.04"]
[EventType "tourn"]
[EventRounds "9"]
[EventCountry "ROU"]
[SourceTitle "CBM 162 Extra"]
[Source "ChessBase"]
[SourceDate "2014.10.17"]
[SourceVersion "1"]
[SourceVersionDate "2014.10.17"]
[SourceQuality "1"]

1. e4 e6 2. d3 d5 3. Nd2 Nf6 4. Ngf3 a5 5. c3 dxe4 6. dxe4 Bc5 7. Be2 Nc6 8. 0-0 0-0 9. Qc2 e5 10. h3 Qe7 11. a4 Nh5 12. Rd1 Nf4 13. Nf1 Be6 14. Be3 Rfd8 15. Rxd8+ Rxd8 16. Rd1 Rxd1 1/2-1/2

[Event "Braila Albulet Memorial (Women) 7th"]
[Site "Braila"]
[Date "2014.09.08"]
[Round "5"]
[White "Ciobanu, Camelia Adriana"]
[Black "Olsarova, Tereza"]
[Result "0-1"]
[WhiteElo "2153"]
[BlackElo "2296"]
[PlyCount "82"]
[EventDate "2014.09.04"]
[EventType "tourn"]
[EventRounds "9"]
[EventCountry "ROU"]
[SourceTitle "CBM 162 Extra"]
[Source "ChessBase"]
[SourceDate "2014.10.17"]
[SourceVersion "1"]
[SourceVersionDate "2014.10.17"]
[SourceQuality "1"]

1. d4 d5 2. c4 e6 3. Nc3 Nf6 4. Bg5 c6 5. cxd5 exd5 6. Qc2 Na6 7. a3 Nc7 8. e3 Ne6 9. Bh4 Be7 10. Nf3 0-0 11. Bd3 g6 12. h3 Ng7 13. g4 a5 14. Ne5 Nfe8 15. Bxe7 Qxe7 16. Na4 Qc7 17. 0-0-0 f6 18. Nf3 Ne6 19. Rdg1 b5 20. Nc5 Nxc5 21. dxc5 b4 22. Nd4 bxa3 23. bxa3 Ng7 24. h4 Ne6 25. Nxe6 Bxe6 26. f4 Bc8 27. g5 Qe7 28. Kd2 Re8 29. Rg3 fxg5 30. hxg5 Rf8 31. Qc3 Qg7 32. Rb1 Qc7 33. Qd4 Bf5 34. Bxf5 Rxf5 35. Rgg1 Re8 36. Rb3 Rff8 37. Rgb1 Re4 38. Qd3 Qe7 39. Rb7 Qxc5 40. Rh1 Re7 41. Rxh7 Kxh7 0-1

[Event "Braila Albulet Memorial (Women) 7th"]
[Site "Braila"]
[Date "2014.09.05"]
[Round "2"]
[White "Olsarova, Tereza"]
[Black "Imnadze, Nato"]
[Result "1-0"]
[WhiteElo "2296"]
[BlackElo "2082"]
[PlyCount "81"]
[EventDate "2014.09.04"]
[EventType "tourn"]
[EventRounds "9"]
[EventCountry "ROU"]
[SourceTitle "CBM 162 Extra"]
[Source "ChessBase"]
[SourceDate "2014.10.17"]
[SourceVersion "1"]
[SourceVersionDate "2014.10.17"]
[SourceQuality "1"]

1. e4 c5 2. Nf3 d6 3. d4 cxd4 4. Nxd4 Nf6 5. Nc3 g6 6. Be3 Bg7 7. f3 Nc6 8. Qd2 0-0 9. g4 Nxd4 10. Bxd4 Be6 11. h4 Qa5 12. h5 Rac8 13. a3 a6 14. hxg6 fxg6 15. Bd3 Bc4 16. 0-0-0 b5 17. Kb1 b4 18. Ne2 Bxd3 19. cxd3 Rb8 20. Ng3 Qa4 21. axb4 Rxb4 22. Bc3 Rb3 23. g5 Nxe4 24. Nxe4 Ra3 25. bxa3 Rb8+ 26. Ka1 Rb3 27. Qa2 d5 28. Bxg7 Rxa3 29. Nc3 Rxa2+ 30. Nxa2 Kxg7 31. d4 Qa3 32. Rde1 a5 33. Rh2 Qd3 34. Rxe7+ Kf8 35. Rhe2 Qxd4+ 36. Kb1 Qg1+ 37. Nc1 Qxg5 38. Rxh7 d4 39. Rb2 Qf5+ 40. Ka1 Qf4 41. Rb8+ 1-0

[Event "Braila Albulet Memorial (Women) 7th"]
[Site "Braila"]
[Date "2014.09.04"]
[Round "1"]
[White "Olsarova, Tereza"]
[Black "Olsarova, Karolina"]
[Result "1/2-1/2"]
[WhiteElo "2296"]
[BlackElo "2224"]
[PlyCount "43"]
[EventDate "2014.09.04"]
[EventType "tourn"]
[EventRounds "9"]
[EventCountry "ROU"]
[SourceTitle "CBM 162 Extra"]
[Source "ChessBase"]
[SourceDate "2014.10.17"]
[SourceVersion "1"]
[SourceVersionDate "2014.10.17"]
[SourceQuality "1"]

1. e4 e5 2. Nf3 Nc6 3. Bb5 a6 4. Bxc6 dxc6 5. d4 exd4 6. Qxd4 Qxd4 7. Nxd4 Bd7 8. Be3 0-0-0 9. Nc3 Nf6 10. f3 Bb4 11. Nde2 Be6 12. a3 Bxc3+ 13. Nxc3 Rhe8 14. Rd1 Rxd1+ 15. Kxd1 Rd8+ 16. Kc1 b6 17. Rd1 Rxd1+ 18. Kxd1 a5 19. e5 Nd5 20. Nxd5 cxd5 21. b4 axb4 22. axb4 1/2-1/2

[Event "Olympiad Women-41"]
[Site "Tromsoe"]
[Date "2014.08.02"]
[Round "1.3"]
[White "Francis, Onkemetse"]
[Black "Olsarova, Tereza"]
[Result "0-1"]
[WhiteElo "1735"]
[BlackElo "2271"]
[PlyCount "60"]
[EventDate "2014.08.02"]
[EventType "team-swiss"]
[EventRounds "11"]
[EventCountry "NOR"]
[SourceTitle "CBM 162"]
[Source "ChessBase"]
[SourceDate "2014.09.17"]
[SourceVersion "1"]
[SourceVersionDate "2014.09.17"]
[SourceQuality "1"]
[WhiteTeam "Botswana (W)"]
[BlackTeam "Czech Republic (W)"]
[WhiteTeamCountry "BOT"]
[BlackTeamCountry "CZE"]

1. e4 e5 2. Nf3 Nc6 3. Bc4 Bc5 4. c3 Nf6 5. d3 a6 6. 0-0 Ba7 7. Qe2 d6 8. Bb3 0-0 9. h3 h6 10. Be3 Qe7 11. Bxa7 Rxa7 12. Nh2 Na5 13. Bc2 c5 14. Nd2 Nc6 15. f4 exf4 16. Rxf4 b5 17. Raf1 Nh7 18. Ng4 Qg5 19. R4f2 Bxg4 20. hxg4 Ne5 21. Bd1 Re7 22. Rf5 Qg6 23. d4 Nd7 24. Qf2 Ng5 25. Qf4 Rfe8 26. Bc2 c4 27. e5 dxe5 28. dxe5 Qb6+ 29. Kh2 Nxe5 30. Ne4 Ng6 0-1

[Event "Politiken Cup 36th"]
[Site "Helsingor"]
[Date "2014.07.28"]
[Round "9"]
[White "Olsarova, Tereza"]
[Black "Tari, Aryan"]
[Result "0-1"]
[WhiteElo "2251"]
[BlackElo "2412"]
[PlyCount "46"]
[EventDate "2014.07.21"]
[EventType "swiss"]
[EventRounds "10"]
[EventCountry "DEN"]
[SourceTitle "CBM 161 Extra"]
[Source "ChessBase"]
[SourceDate "2014.08.29"]
[SourceVersion "1"]
[SourceVersionDate "2014.08.29"]
[SourceQuality "1"]

1. e4 c5 2. Nf3 e6 3. d4 cxd4 4. Nxd4 a6 5. Nc3 b5 6. Bd3 Qb6 7. Nb3 Qc7 8. Qe2 d6 9. a4 b4 10. Na2 Nc6 11. c3 bxc3 12. Nxc3 Nf6 13. 0-0 Be7 14. Be3 0-0 15. Nd2 d5 16. Nf3 Rd8 17. exd5 exd5 18. Bg5 Ng4 19. g3 Bxg5 20. Nxg5 h6 21. Rfe1 Nge5 22. f4 Bg4 23. Qe3 Nxd3 0-1

[Event "Politiken Cup 36th"]
[Site "Helsingor"]
[Date "2014.07.24"]
[Round "5"]
[White "Olsarova, Tereza"]
[Black "Merkesvik, Sondre"]
[Result "0-1"]
[WhiteElo "2251"]
[BlackElo "2057"]
[PlyCount "74"]
[EventDate "2014.07.21"]
[EventType "swiss"]
[EventRounds "10"]
[EventCountry "DEN"]
[SourceTitle "CBM 161 Extra"]
[Source "ChessBase"]
[SourceDate "2014.08.29"]
[SourceVersion "1"]
[SourceVersionDate "2014.08.29"]
[SourceQuality "1"]

1. e4 c5 2. Nf3 d6 3. d4 cxd4 4. Nxd4 Nf6 5. Nc3 g6 6. Be3 Bg7 7. Bc4 0-0 8. f3 Nc6 9. Qd2 Bd7 10. 0-0-0 Rc8 11. Bb3 Ne5 12. Kb1 a6 13. h4 h5 14. Bh6 Nc4 15. Bxc4 Bxh6 16. Qxh6 Rxc4 17. Nce2 Qa5 18. g4 Rfc8 19. Ng3 Qe5 20. Nge2 Bxg4 21. fxg4 Nxg4 22. Qd2 Nf2 23. Qe3 Nxh1 24. Rxh1 Qc5 25. b3 Rxd4 26. Nxd4 e5 27. Nf5 Qxc2+ 28. Ka1 gxf5 29. Rg1+ Kf8 30. Qh6+ Ke7 31. Qg5+ Kd7 32. Qxf5+ Kc7 33. Qxf7+ Kb8 34. Qg6 Qc3+ 35. Kb1 Qd3+ 36. Kb2 Rc2+ 37. Ka3 Qd2 0-1

[Event "Politiken Cup 36th"]
[Site "Helsingor"]
[Date "2014.07.21"]
[Round "1"]
[White "Olsson, Tomas"]
[Black "Olsarova, Tereza"]
[Result "0-1"]
[WhiteElo "1872"]
[BlackElo "2251"]
[PlyCount "96"]
[EventDate "2014.07.21"]
[EventType "swiss"]
[EventRounds "10"]
[EventCountry "DEN"]
[SourceTitle "CBM 161 Extra"]
[Source "ChessBase"]
[SourceDate "2014.08.29"]
[SourceVersion "1"]
[SourceVersionDate "2014.08.29"]
[SourceQuality "1"]

1. e4 e5 2. Nf3 Nc6 3. Bb5 a6 4. Ba4 Nf6 5. d4 exd4 6. 0-0 Be7 7. e5 Ne4 8. Nxd4 Nxd4 9. Qxd4 Nc5 10. Nc3 0-0 11. Bb3 d6 12. Be3 Nxb3 13. cxb3 dxe5 14. Qxe5 Bf6 15. Qh5 g6 16. Qf3 Bf5 17. Rad1 Qc8 18. Nd5 Bd8 19. Bd4 c6 20. Ne3 Be6 21. h3 f5 22. Qe2 Bf6 23. Bxf6 Rxf6 24. f4 b5 25. Rc1 Qe8 26. Rfe1 Bf7 27. Nc2 Qb8 28. Qf2 Bd5 29. Nd4 Be4 30. Rc5 Qd6 31. Rec1 Rc8 32. Ne2 Re6 33. Nd4 Re7 34. b4 Bd5 35. a3 Re4 36. g3 Bc4 37. Nf3 Re2 38. Qd4 Qxd4+ 39. Nxd4 Rxb2 40. Nxc6 Kf8 41. Ne5 Rd8 42. Nxc4 bxc4 43. R5xc4 Rdd2 44. Rc7 Rg2+ 45. Kf1 Rh2 46. Kg1 Rbg2+ 47. Kf1 Rd2 48. Ke1 Ra2 0-1